Moral language / (Record no. 38465)

MARC details
000 -LEADER
fixed length control field 00770nam a22002297a 4500
005 - DATE AND TIME OF LATEST TRANSACTION
control field 20100731152331.0
010 ## - LCCN (DPL NO)
LC control number ENG-97502
020 ## - INTERNATIONAL STANDARD BOOK NUMBER
International Standard Book Number 8172112874
Terms of availability 600.00
020 ## - INTERNATIONAL STANDARD BOOK NUMBER
International Standard Book Number 9788172112875
Terms of availability 600.00
035 ## - SYSTEM CONTROL NUMBER
System control number EN-81035
037 ## - SOURCE OF ACQUISITION
Source of stock number/acquisition DBAD/ PUB
082 ## - DEWEY DECIMAL CLASSIFICATION NUMBER
Classification number 485
245 ## - TITLE STATEMENT
Title Moral language /
Statement of responsibility, etc edited by Debika Saha [and] Laxmikanta Padhi
260 ## - PUBLICATION, DISTRIBUTION, ETC. (IMPRINT)
Place of publication, distribution, etc New Delhi
Name of publisher, distributor, etc Northern Book Centre
Date of publication, distribution, etc 2010
270 ## - ADDRESS
Address 4221/1 Ansari Road, Darya Ganj
City New Delhi
Postal code 110002
Telephone number 23252651
300 ## - PHYSICAL DESCRIPTION
Extent xx,155p.
Dimensions 22 cm (Hb)
500 ## - GENERAL NOTE
General note Includes index
700 ## - ADDED ENTRY--PERSONAL NAME
Titles and other words associated with a name Saha, Debika
9 (RLIN) 3578
700 ## - ADDED ENTRY--PERSONAL NAME
Titles and other words associated with a name Padhi,Laxmikanta
9 (RLIN) 3579
942 ## - ADDED ENTRY ELEMENTS (KOHA)
Source of classification or shelving scheme Dewey Decimal Classification
Item type English Books
Classification part 485
Call number suffix SAH
Holdings
Withdrawn status Lost status Not for loan Collection code Home library Current library Date acquired Source of acquisition Cost, normal purchase price Full call number Barcode Copy number Cost, replacement price Koha item type
    Not For Loan Non-fiction D.B.Act.Division D.B.Act.Division 03/08/2010 DBAD/PUB 600.00 485 SAH EN-81035 1 600.00 English Books

© Delhi Public Library
Hit Counter
free hit counter